| 000 | 00895nam a2200277 i 4500 | ||
|---|---|---|---|
| 003 | DO-SdBNP | ||
| 005 | 20230504112846.0 | ||
| 007 | ta | ||
| 008 | 110301s2022 dr 000 0 spa d | ||
| 020 | _a9789945184501 | ||
| 040 |
_aDO-SdBNP _bspa _cBNPHU _erda |
||
| 082 | 4 |
_bD592e _222 |
|
| 100 | 1 |
_aDionicio Montás, Susana _953018 _d1964- |
|
| 245 | 1 | 0 |
_aEntre la ciencia y la fe / _cSusana Dionicio Montás ; prólogo Joaquín Disla |
| 264 |
_aSanto Domingo : _bSoto Castillo, _c2022. |
||
| 300 |
_a190 páginas : _c23 cm. |
||
| 336 |
_2rdacontent _atexto _btxt |
||
| 337 |
_2rdamedia _asin mediación _bn |
||
| 338 |
_2rdacarrier _avolumen _bnc |
||
| 500 | _aIncluye datos biográficos de la autora en las solapas. | ||
| 504 | _aBibliografía : p. 189-190 | ||
| 590 | _aInventariado, 2022/ YL | ||
| 700 | 1 |
_aDisla, Joaquín, _eprologo _981507 |
|
| 910 | _aYLockward | ||
| 942 |
_2ddc _cLBS1 |
||
| 999 |
_c51590 _d51590 |
||